Catálogo

LOS NEGOCIOS Y EL PROGRESO SOCIAL : (Registro nro. 26388)

Detalles MARC
000 -LEADER
fixed length control field 00581nam a2200193 a 4500
001 - CONTROL NUMBER
control field 26388
005 - DATE AND TIME OF LATEST TRANSACTION
control field 20180713224920.0
008 - FIXED-LENGTH DATA ELEMENTS--GENERAL INFORMATION
fixed length control field 140415s1970 mx 000 0 spa d
041 ## - LANGUAGE CODE
Language code of text/sound track or separate title spa
082 ## - DEWEY DECIMAL CLASSIFICATION NUMBER
Classification number 330.1556
Item number WAL
100 1# - MAIN ENTRY--PERSONAL NAME
Personal name WALTON, CLARENCE C.
245 14 - TITLE STATEMENT
Title LOS NEGOCIOS Y EL PROGRESO SOCIAL :
Remainder of title PUNTOS DE VISTA DE DOS GENERACIONES
250 ## - EDITION STATEMENT
Edition statement 1a ed.
260 ## - PUBLICATION, DISTRIBUTION, ETC.
Place of publication, distribution, etc. MEXICO :
Name of publisher, distributor, etc. INDETERMINADO,
Date of publication, distribution, etc. 1970
300 ## - PHYSICAL DESCRIPTION
Extent 190
Dimensions 14.2 x 1.5 x 21.3
650 14 - SUBJECT ADDED ENTRY--TOPICAL TERM
Topical term or geographic name entry element ECONOMIA DEL BIENESTAR
700 1# - ADDED ENTRY--PERSONAL NAME
Personal name ESPARZA,ALFONSO
Relator term tr.
740 ## - ADDED ENTRY--UNCONTROLLED RELATED/ANALYTICAL TITLE
Uncontrolled related/analytical title BUSINESS AND SOCIAL PROGRESS
Existencias
Withdrawn status Lost status Source of classification or shelving scheme Damaged status Not for loan Collection code Home library Current library Shelving location Date acquired Source of acquisition Inventory number Total Checkouts Full call number Barcode Date last seen Price effective from Koha item type
    Dewey Decimal Classification     General Biblioteca Karol Wojtyla Biblioteca Karol Wojtyla Sala general 03/12/2013 Compra 151000000000000000049845   330.1556 WAL 4904 05/01/2026 03/12/2013 Libro